000 00900nam a22002297a 4500
999 _c63291
_d63291
005 20240530110633.0
008 170912s2014 ua a g b 000 0dara d
017 _a2012/19832
_bمصر . دار الكتب المصرية
020 _a9789777181105
040 _aEG-CaGPL
082 0 4 _221
_a152.148\
_bج ك
100 1 _aجريجورى ، ريتشارد .
245 1 0 _aكيف يخدع البصر /
_cتاليف ريتشارد جريجورى ؛ ترجمة فؤاد ابو المكارم .
250 _aط.1
260 _aالقاهرة :
_bالمركز القومى للترجمة ،
_c2014 .
300 _a329 ص :
_bايض ؛
_c24 سم .
490 0 _aالمركز القومى للترجمة ؛
_v2301
504 _aيشتمل على ارجاعات ببليوجرافية .
650 0 7 _aخداع البصر
700 0 _aفؤاد ابو المكارم
_eمترجم .
942 _2ddc
_cBK